Organized groups in British national politics /

Saved in:
Bibliographic Details
Main Author: Potter, Allen M. (Allen Meyers), 1924-
Format: Book
Language:English
Published: London : Faber and Faber, 1961.
Subjects:
LEADER 00967nam a22002411a 4500
001 c000007608
003 CARM
005 20010131160312.0
008 851113s1961 enk b 001 0 eng d
019 1 |a 49515071  |z 4157894  |z 22416946  |z 64960491  |5 LACONCORD2021 
035 |a (OCoLC)1153697  |5 LACONCORD2021 
040 |a NUN  |b eng  |c NUN  |d VU 
082 0 4 |a 328.41  |2 20 
100 1 |a Potter, Allen M.  |q (Allen Meyers),  |d 1924- 
245 1 0 |a Organized groups in British national politics /  |c Allen Potter. 
260 |a London :  |b Faber and Faber,  |c 1961. 
300 |a 395 p. ;  |c 22 cm. 
504 |a Includes bibliographical references and index. 
650 0 |a Pressure groups  |z Great Britain. 
651 0 |a Great Britain  |x Politics and government. 
852 8 |b CARM  |h A2:AI35A0  |i B04343  |p 0188070  |f BK 
999 f f |i 650337e6-d42d-5c3f-a837-441e5f86407d  |s 5ac7929d-4816-59f1-aa35-e01c9eba1bea 
952 f f |p Can circulate  |a CAVAL  |b CAVAL  |c CAVAL  |d CARM 1 Store  |e B04343  |f A2:AI35A0  |h Other scheme  |i book  |m 0188070